Actuar en territorios frágiles : (Record no. 4622)

MARC details
000 -LEADER
campo de control de longitud fija 00606nam a2200157 4500
005 - FECHA Y HORA DE LA ÚLTIMA TRANSACCIÓN
campo de control 20260327202749.0
008 - DATOS DE LONGITUD FIJA--INFORMACIÓN GENERAL
campo de control de longitud fija -
020 ## - NÚMERO INTERNACIONAL ESTÁNDAR DEL LIBRO
Número Internacional Estándar del Libro 9789968090049 (tomo 1)
040 ## - FUENTE DE CATALOGACIÓN
Centro catalogador/agencia de origen Biblioteca LadoV Teorética
Centro/agencia transcriptor Biblioteca LadoV Teorética
Normas de descripción rda
082 04 - NÚMERO DE LA CLASIFICACIÓN DECIMAL DEWEY
Número de clasificación 707
Número de ítem S563a
100 1# - ENTRADA PRINCIPAL--NOMBRE DE PERSONA
Nombre de persona Sibaja Hidalgo, Antonieta
245 10 - MENCIÓN DEL TÍTULO
Título Actuar en territorios frágiles :
Resto del título una cartografía de la educación en el arte en Centroamérica /
Mención de responsabilidad, etc. por Antonieta Sibaja Hidalgo
260 #1 - PUBLICACIÓN, DISTRIBUCIÓN, ETC.
Lugar de publicación, distribución, etc. Costa Rica :
Nombre del editor, distribuidor, etc. Museo de Arte y Diseño Contemporáneo,
Fecha de publicación, distribución, etc. 2023
300 ## - DESCRIPCIÓN FÍSICA
Extensión 97 páginas :
Otras características físicas ilustraciones, fotografías ;
Dimensiones 24 x 21 cm.
942 ## - ELEMENTOS DE ENTRADA SECUNDARIOS (KOHA)
Fuente del sistema de clasificación o colocación Clasificación Decimal Dewey
Tipo de ítem Koha Libros
Suprimir en OPAC No
Holdings
Estatus retirado Estado de pérdida Fuente del sistema de clasificación o colocación Estado de daño No para préstamo Biblioteca de origen Biblioteca actual Fecha de adquisición Total de préstamos Signatura topográfica completa Visto por última vez Precio de reemplazo Tipo de ítem Koha
    Clasificación Decimal Dewey     Biblioteca LadoV Biblioteca LadoV 27/03/2026   707 S563a 27/03/2026 27/03/2026 Libros